01168nam a2200277Ia 450000500170000000800390001702000180005610000350007424501920010925000220030130000260032349000390034953401170038865000330050565000370053865000380057565000400061370000390065370000340069226400300072633600270075633700330078333800280081604000350084408400110087920220317000457.0160315s2013 sp g 000 f spa a97884339758431 aHighsmith, Patriciad1921-199510aTom Ripley ; a pleno sol ; La máscara de Ripley ; El amigo americano ; Tras los pasos de Ripley ; Ripley en peligrocPatricia Highsmith ; traducción Jordi Beltrán, Isabel Núñez aTercera edición a1274 páginasc25 cm aAnagramapOtra vuelta de tuercav4 tThe talented Mr. Ripley ; Ripley under ground ; Ripley's game ; The boy who followed Ripley ; Ripley under water142LEMBaNovela suizaySiglo XX142LEMBaLiteratura suizaySiglo XX142LEMBaPolicías en la literatura142LEMBaDelincuentes en la literatura1 aBeltrán, Jordid1943-etraductor1 aNúñez, Isabeletraductora aBarcelonabAnagramac2013 atextobtxt2rdacontent asin mediaciónbn2rdamedia avolumenbnc2rdacarrier aCO-BoRNBPbspaerdacCO-BoRNBP aN HIG1